Central Library OPAC University of Rajshahi

Some Theoritical Studies on Turbulence and Magneto-Hydrodynamic Turbulence / (Record no. 75322)

MARC details
000 -LEADER
fixed length control field 00874nam a2200241 a 4500
001 - CONTROL NUMBER
control field 75322
003 - CONTROL NUMBER IDENTIFIER
rucl marc code BD-RjUL
005 - DATE AND TIME OF LATEST TRANSACTION
control field 20211209082655.0
008 - FIXED-LENGTH DATA ELEMENTS--GENERAL INFORMATION
fixed length control field 190225s2004 bg a|||| m||| 00| e eng d
035 ## - SYSTEM CONTROL NUMBER
System control number (BD-RjUL)75540
040 ## - CATALOGING SOURCE
Original cataloging agency BD-RjUL
Language of cataloging eng
Transcribing agency BD-RjUL
Modifying agency BD-RjUL
041 ## - LANGUAGE CODE
Language code of text/sound track or separate title eng
082 ## - DEWEY DECIMAL CLASSIFICATION NUMBER
Edition number 23
Classification number 532.0527
Author mark and year AZS 2004
100 1# - MAIN ENTRY--PERSONAL NAME
Personal name Azad, Md. Abul Kalam
9 (RLIN) 228597
245 10 - TITLE STATEMENT
Title Some Theoritical Studies on Turbulence and Magneto-Hydrodynamic Turbulence /
Statement of responsibility, etc. by Md. Abul Kalam Azad ;
Linkage Supervisor: M. Shamsul Alam Sarker
260 ## - PUBLICATION, DISTRIBUTION, ETC. (IMPRINT)
Place of publication, distribution, etc. Rajshahi :
Name of publisher, distributor, etc. Dept. of Mathematics, R. U. ,
Date of publication, distribution, etc. 2004
300 ## - PHYSICAL DESCRIPTION
Pagination x, 187 Leaves ;
Size 30 cm.
502 ## - DISSERTATION NOTE
Dissertation note Thesis (Ph. D.)--Dept. of Mathematics, R. U. , 2004
504 ## - BIBLIOGRAPHY, ETC. NOTE
Bibliography, etc Bibliography : leaves 183-187
650 ## - SUBJECT ADDED ENTRY--TOPICAL TERM
Topical term or geographic name as entry element Magneto-Hydrodynamic Turbulence
9 (RLIN) 28213
700 ## - ADDED ENTRY--PERSONAL NAME
Personal name Sarker, M. Shamsul Alam, Supervisor:
942 ## - ADDED ENTRY ELEMENTS (KOHA)
Source of classification or shelving scheme Dewey Decimal Classification
Koha item type Theses
Holdings
Lost status Source of classification or shelving scheme Damaged status Not for loan Collection code Permanent Location Current Location Shelving location Date acquired Source of acquisition Total Checkouts Full call number Date last seen Copy number Koha item type
  Dewey Decimal Classification   Not For Loan Theses Central Library, University of Rajshahi Central Library, University of Rajshahi   24/10/2004 Controller of Examination Office, R. U.   THE 532.0527 AZS 2004 25/02/2019 C-1 Theses